Liga Mistrzów sezon 2022/23 - Statystyki

Ogólne statystyki
  • Ten quiz został rozwiązany 387 razy
  • Średni wynik to 24 z 32
Statystyki odpowiedzi
Grupa Liga Klub % Poprawnych
B Bundesliga Bayer Leverkusen
95%
C LaLiga Santander FC Barcelona
94%
F LaLiga Santander Real Madryt
94%
G Premier League Manchester City
92%
A Premier League Liverpool
91%
C Serie A Inter Mediolan
90%
H Ligue 1 Paris Saint-Germain
90%
H Serie A Juventus
89%
C Bundesliga Bayern Monachium
88%
A Serie A Napoli
88%
A Eredivisie Ajax Amsterdam
87%
G Bundesliga Borussia Dortmund
87%
E Serie A AC Milan
85%
B LaLiga Santander Atletico Madryt
84%
E Premier League Chelsea
82%
D Ligue 1 Olympique Marsylia
77%
F Scottish Premiership Celtic Glasgow
74%
G LaLiga Santander Sevilla
73%
D Premier League Tottenham Hotspur
73%
F Bundesliga RB Lipsk
71%
B Primeira League FC Porto
68%
A Scottish Premiership Rangers
67%
H Primeira League Benfica Lizbona
65%
E Österreichische Bundesliga/Austriacka Bundesliga RB Salzburg
63%
B Jupiler Pro League/Eerste klasse Club Brugge
60%
D Primeira League Sporting Lizbona
60%
C I Liga Czeska Viktoria Pilzno
56%
F Premier Liha Szachtar donieck
52%
D Bundesliga Eintracht Frankfurt
51%
E Prva HNL Dinamo Zagrzeb
46%
G Superligaen FC Kopenhaga
46%
H Ligat ha’Al/Liga Izraelska Maccabi Hajfa
42%
Nie znaleziono quizów pasujących do podanych kryteriów
Rozkład punktacji
Procent ludzi z każdym wynikiem
Percentyl według liczby udzielonych odpowiedzi
Twoja historia wyników
Nie rozwiązałeś tego quizu